KBT přístup u Tourettova syndromu s komorbidní obsedantně kompulzivní poruchou

Bibliographic Details
Main Authors: Pašková, Beata (Author), Záleský, Richard (Author), Praško, Ján, 1956- (Author), Vyskočilová, Jana, 1977- (Author)
Format: Article
Language:Slovak
Czech
PhysicalDescription:Tab.
ISSN:1335-9584
Subjects:

MARC

LEADER 00000nab a2200000 a 4500
001 vtls008414334
003 SK-MaSNL
005 20260304210401.0
008 250505c2005 xo 0 slo
015 |a SNBCL2005/5 
035 |a SLK034897 
035 |a urn:nbn:sk:snk-abvvi 
035 |a (urnnbn)urn:nbn:sk:snk:ar-a05qrb 
035 |a (uuid)370a1d9e-7fc5-40f5-a052-2532ed359031 
040 |a SNKBUCL  |b slo  |c SNKBUCL  |e AACR2 
041 0 |a cze  |b cze 
044 |a xo  |c SK 
080 |a 616.865.1-07-085  |2 1981 
245 0 0 |a KBT přístup u Tourettova syndromu s komorbidní obsedantně kompulzivní poruchou  |c Beata Pašková ... [et al.] 
300 |b Tab. 
504 |a Res. čes. 
650 0 7 |a Tourettov syndróm  |2 MESH  |9 150555 
650 0 7 |a obsedantno-kompulzívna porucha  |2 MESH  |9 114159 
650 0 7 |a komorbidita  |2 MESH  |9 19088 
650 0 7 |a tiky  |2 MESH  |9 89537 
650 0 7 |a metódy  |2 MESH  |9 3855 
650 0 7 |a kazuistika  |2 MESH  |9 19523 
650 0 7 |a behaviorálna terapia  |2 MESH  |9 83566 
650 0 7 |a kognitívna terapia  |2 MESH  |9 75464 
700 1 |a Pašková, Beata  |4 aut  |9 468787 
700 1 |a Záleský, Richard  |4 aut  |9 468788 
700 1 |a Praško, Ján,  |d 1956-  |4 aut  |9 196471 
700 1 |a Vyskočilová, Jana,  |d 1977-  |4 aut  |9 122083 
773 0 |t Psychiatria pre prax  |g Roč. 6, č. 4 (2005), s. 200-201  |x 1335-9584 
850 |a Slovenská národná knižnica 
852 |a Slovenská národná knižnica 
954 |a odborná, vedecká literatúra cudzojazyčná (svetová)  |2 lita 
958 |a article27 
958 |a OND 
958 |a EUIPO 
999 |c 3125847  |d 3127777